De amor y de sombra
Պահպանված է:
| Հիմնական հեղինակ: | |
|---|---|
| Ձևաչափ: | Գիրք |
| Լեզու: | իսպաներեն |
| Հրապարակվել է: |
Barcelona
Plaza y Janes
1989
|
| Շարք: | El Ave Fenix, 125
|
| Խորագրեր: | |
| Ցուցիչներ: |
Ավելացրեք ցուցիչ
Չկան պիտակներ, Եղեք առաջինը, ով նշում է այս գրառումը!
|
MARC
| LEADER | 00000nam a2200000 a 4500 | ||
|---|---|---|---|
| 001 | UCX2798 | ||
| 003 | CL-VaPUC | ||
| 008 | 910813e19890000SP |||||||||||||||||spa|d | ||
| 082 | 0 | 4 | |a Ch863 |b ALL |2 21 |
| 100 | |a Allende, Isabel, |d 1942- |e autora |9 318389 | ||
| 245 | 1 | 0 | |a De amor y de sombra |
| 300 | |a 281 p | ||
| 942 | |c BK | ||
| 945 | |d 19910813 00:00:00 | ||
| 260 | |a Barcelona |b Plaza y Janes |c 1989 | ||
| 650 | 0 | |a Novelas chilenas |9 265425 | |
| 583 | |a last modification |c 19910813 00:00:00 |k Rodrigo Vera | ||
| 490 | 0 | |a El Ave Fenix, 125 | |
| 999 | |c 223742 |d 223740 | ||
| 952 | |0 0 |1 0 |4 0 |6 CH_863_000000000000000_ALL_1989 |7 0 |8 A |9 219811 |a BIBEDU |b BIBEDU |d 2019-11-15 |i 2884984 |l 2 |o Ch863 ALL 1989 |p 2884984 |r 2025-04-28 |s 2025-04-09 |w 2019-11-15 |y BK |k LIT | ||